000 01165cam a2200397 i 4500
001 3675
003 FISKH
005 20240411123629.0
008 140218s2014 fr b 001 0 fre
010 _a 2014419405
020 _a9782070143627
035 _a(FrPJT)JTL20008977
040 _aDLC
_beng
_cDLC
_erda
042 _apcc
043 _ae-fr---
050 0 0 _aJC423
_b.S336 2014
082 _a306.3
100 1 _aSchnapper, Dominique
245 1 2 _aL'esprit démocratique des lois /
_cDominique Schnapper.
264 1 _a[Paris] :
_bGallimard,
_c[2014]
300 _a321 pages :
_c21 cm.
336 _atext
_2rdacontent
337 _aunmediated
_2rdamedia
338 _avolume
_2rdacarrier
490 0 _aNRF essais
504 _aIncludes bibliographical references (pages 301-311) and index.
650 0 _aDemocracy.
650 0 _aDemocracy
_zFrance.
650 0 _aCivil society.
650 0 _aCivil society
_zFrance.
650 0 _aLaw
_xPolitical aspects.
650 0 _aLaw
_xPolitical aspects
_zFrance.
906 _a7
_bcbc
_corigres
_d3
_encip
_f20
_gy-gencatlg
942 _2ddc
_cBK
_n0
999 _c3675
_d3675